Liečivé rastliny poznáte ich?

Podrobná bibliografia
Hlavný autor: Kučerová, M. (Autor)
Médium: Článok
Jazyk:slovenčina
Fyzický popis:Fotogr.
ISSN:1335-1753
Predmet:

MARC

LEADER 00000nab a2200000 a 4500
001 vtls000823975
003 SK-MaSNL
005 20260304112307.0
008 250429c2002 xo 0 slo
015 |a SNBRB2003/02-04032 
035 |a CLN000175630 
035 |a urn:nbn:sk:snk-abpe1 
035 |a (urnnbn)urn:nbn:sk:snk:ar-a06cuc 
035 |a (uuid)e61f95c5-9f30-4240-aab7-ca273bbe6cc1 
040 |a SNKBUCL  |b slo  |c SNKBUCL  |e AACR2 
041 0 |a slo 
044 |a xo  |c SK 
080 |a 615.85:582.951.4  |2 1997 
080 |a 615.89  |2 1997 
080 |a 582.951.4  |2 1997 
080 |a 615.322  |2 1997 
100 1 |a Kučerová, M.  |4 aut  |9 798863 
245 1 0 |a Liečivé rastliny  |b poznáte ich?  |c M. Kučerová 
300 |b Fotogr. 
650 0 7 |a koreninová paprika  |2 snkbucl  |9 31783 
655 7 |a články z novín a časopisov  |2 snkbucl  |9 267496 
773 0 |t Revue profesionálnej sestry  |g Roč. 9, č. 5 (2002), s. 35  |x 1335-1753 
850 |a Slovenská národná knižnica 
852 |a Slovenská národná knižnica 
958 |a article27 
958 |a OND 
958 |a EUIPO 
999 |c 2865085  |d 2867015